Polymer chemistry / (Record no. 20775)

MARC details
000 -LEADER
fixed length control field 01106cam a22003375i 4500
001 - CONTROL NUMBER
control field 14681151
003 - CONTROL NUMBER IDENTIFIER
control field EG-ScBUE
005 - DATE AND TIME OF LATEST TRANSACTION
control field 20251221110003.0
008 - FIXED-LENGTH DATA ELEMENTS--GENERAL INFORMATION
fixed length control field 061227t2007 flua f b 001 0 eng d
020 ## - INTERNATIONAL STANDARD BOOK NUMBER
International Standard Book Number 9781574447798 (alk. paper)
020 ## - INTERNATIONAL STANDARD BOOK NUMBER
International Standard Book Number 1574447793 (alk. paper)
040 ## - CATALOGING SOURCE
Original cataloging agency EG-ScBUE
Language of cataloging eng
Description conventions rda
Transcribing agency EG-ScBUE
Modifying agency EG-ScBUE
082 04 - DEWEY DECIMAL CLASSIFICATION NUMBER
Classification number 547.7
Item number HIE
Edition number 22
100 1# - MAIN ENTRY--PERSONAL NAME
Personal name Hiemenz, Paul C.,
Dates associated with a name 1936-
9 (RLIN) 38699
Relator term author.
245 10 - TITLE STATEMENT
Title Polymer chemistry /
Statement of responsibility, etc Paul C. Hiemenz, Timothy P. Lodge.
250 ## - EDITION STATEMENT
Edition statement Second edition.
264 #1 - PUBLICATION, DISTRIBUTION, ETC. (IMPRINT)
Place of publication, distribution, etc Boca Raton, Florida :
Name of publisher, distributor, etc CRC Press / Taylor & Francis Group,
Date of publication, distribution, etc [2007]
264 #4 - PUBLICATION, DISTRIBUTION, ETC. (IMPRINT)
Date of publication, distribution, etc c2007
300 ## - PHYSICAL DESCRIPTION
Extent xvii, 587 pages :
Other physical details illustrations ;
Dimensions 27 cm
336 ## - CONTENT TYPE
Source rdacontent
Content type term text
Content type code txt
337 ## - MEDIA TYPE
Source rdamedia
Media type term unmediated
Media type code n
338 ## - CARRIER TYPE
Source rdacarrier
Carrier type term volume
Carrier type code nc
500 ## - GENERAL NOTE
General note Includes appendix.
504 ## - BIBLIOGRAPHY, ETC. NOTE
Bibliography, etc Includes bibliographical references and index.<br/>
650 #7 - SUBJECT ADDED ENTRY--TOPICAL TERM
Topical term or geographic name as entry element Polymers.
Source of heading or term BUEsh
650 #7 - SUBJECT ADDED ENTRY--TOPICAL TERM
Topical term or geographic name as entry element Polymerization.
Source of heading or term BUEsh
653 ## - INDEX TERM--UNCONTROLLED
Resource For college Engineering, Chemical
Arrived date list August2015
-- November2015
655 ## - INDEX TERM--GENRE/FORM
Form subdivision Reading book
700 1# - ADDED ENTRY--PERSONAL NAME
Personal name Lodge, Timothy,
Relator term author.
942 ## - ADDED ENTRY ELEMENTS (KOHA)
Source of classification or shelving scheme Dewey Decimal Classification
Koha item type Book - Borrowing
Holdings
Withdrawn status Lost status Source of classification or shelving scheme Damaged status Not for loan Collection code Home library Current library Shelving location Date acquired Source of acquisition Cost, normal purchase price Serial Enumeration / chronology Total Checkouts Full call number Barcode Date last seen Cost, replacement price Koha item type Price effective from Total Renewals Date checked out
    Dewey Decimal Classification     Baccah Central Library Central Library First floor 31/08/2015 Purchase 430.00 23317   547.7 HIE 000039580 15/07/2025 538.00 Book - Borrowing      
    Dewey Decimal Classification     Baccah Central Library Central Library First floor 09/11/2015 Purchase       547.7 HIE 000031230 15/07/2025   Book - Borrowing 09/11/2015    
    Dewey Decimal Classification     Baccah Central Library Central Library First floor 09/11/2015 Purchase     1 547.7 HIE 000031229 15/07/2025   Book - Borrowing   10 04/11/2017
    Dewey Decimal Classification     Baccah Central Library Central Library First floor 09/11/2015 Purchase       547.7 HIE 000031228 15/07/2025   Book - Borrowing 09/11/2015